| 000 | 00552nam a22001817a 4500 | ||
|---|---|---|---|
| 999 |
_c524465 _d524465 |
||
| 003 | NUST | ||
| 038 | _aWaseem | ||
| 082 |
_a791.430954 _bASH |
||
| 100 |
_aAshq, Parym Paal _915283 |
||
| 245 |
_aHindustani Cenima ky Pachas Saal / _cparym Paal Ashq |
||
| 260 |
_aLahore : _bBook home, _c2004. |
||
| 300 | _a152 p. ; | ||
| 500 | _aHard cover. | ||
| 880 |
_6100-01\r _aپریم پال اشک |
||
| 880 |
_6245-02\r _aہندوستانی سینما کے پچاس سال / |
||
| 880 |
_6260-03\r _aلاہور : _bبُک ہوم, _c۲۰۰۴. |
||
| 942 |
_2ddc _cBK |
||